LEADER 01088nam a2200229 i 4500 001 000000179845 003 CaOOAMICUS 005 20090604000000.0 008 090604s2005 it u000 u fre u 013 $a157451 040 $aSeMil$bita 100 1 $aSemplicio, Bruno.$0(OLS)http://semarc/name/27944 245 13$aDe Marion Brésillac, 1813-1859 :$bévêque et fondateur de la société des missions africaines /$cBruno Semplicio. 260 $aRoma :$bSociété des Missions Africaines,$cstampa 2005. 300 $a546 p. ;$c24 cm. 650 4$aMelchiorre : de Marion Brésillac.$0(OLS)http://semarc/subject/34176 700 1 $aMarion Brésillac, Melchior Marie Joseph : de.$0(OLS)http://semarc/name/66638 850 $aSeMil 852 $aSeMil$W1$xVenegono$y1$m3E V 27$j130601$B130601$CSeMilBibl$Z2$F142494 $81 961 $aOmaggio: Altro 996 $6245$aDe Marion Brésillac, 1813-1859 :$bévêque et fondateur de la société des missions africaines$9(OLS)http://semarc/title/258217 996 $6260$aRoma :$bSociété des Missions Africaines$9(OLS)http://semarc/publisher/49548 LEADER 01318nam a2200301 i 4500 001 000000118910 003 CaOOAMICUS 005 20240802121130.0 008 031013s2001 it u000 u ita u 020 $a88-01-00007-3 040 $aSeMil$bita 100 1 $aBosco, Teresio,$c.$0(OLS)http://semarc/name/18061 245 10$aAttilio Giordani, una vita donata :$buna piccola biografia /$cTeresio Bosco. 250 $a2. ed. 264 1$aLeumann (Torino) :$bElle Di Ci,$c2001. 300 $a181 p., [8] p. di tav. ;$c19 cm. 490 1 $aPiccole biografie 541 0 $aFondo card. C.M. Martini (3J I 29) 600 14$aGiordani, Attilio .$0(OLS)http://semarc/subject/22220 830 0$aPiccole biografie.$0(OLS)http://semarc/title/13425 850 $aSeMil 852 $aSeMil$W1$xVenegono$y1$m3J I 29$j74156$B74156$CSeMilBibl$Z2$F79841 $81 941 1 $a4 961 $aOmaggio: Martini Card. Carlo Maria. -- Allegata una immaginetta di Attilio Giordani. 996 $6020$a88-01-00007-3$9(OLS)http://semarc/number/103610 996 $6245$aAttilio Giordani, una vita donata :$buna piccola biografia$9(OLS)http://semarc/title/174675 996 $6264$aLeumann (Torino) :$bElle Di Ci$9(OLS)http://semarc/publisher/29809